000 02725nam a22003137a 4500
003 OSt
005 20210312172700.0
008 210312t2009 ck aob|gq|||| 00| 0 spa d
020 _a9789587062366
040 _aCO-JMCR
_cCO-JMCR
041 0 _aspa
082 0 4 _a170.44 /
_bF981e
_223
110 2 _aFundación Ética Mundial
_936034
245 1 0 _aÉtica mundial :
_buna guía para descubrir los valores que todos tenemos en común /
_cFundación Ética Mundial
260 _aBogotá :
_bEl Tiempo,
_c©2009
300 _a288 páginas :
_bilustraciones, fotografías y mapas a color ;
_c30 cm.
505 0 _aNecesidad de una ética mundial -- En busca de nuestras huellas -- Abece del comportamiento humano -- Ética en la política, la economía, la ecología, la ciencia, la pedagogía y la comunicación
520 2 _a¿Cuál es la fórmula para erradicar el narcotráfico? ¿Qué reglas deben regir la economía para cerrar la brecha al fin entre ricos y pobres? ¿Cómo crear un acuerdo que traiga la paz al Medio Oriente y a otras regiones conflictivas? ¿Cómo revertir el calentamiento global? El teólogo y filósofo suizo Hans Kung no da una solución definitiva a los problemas globales, pero sí nos ofrece un pilar espiritual para construir mejor un orden mundial. Fruto de sus investigaciones sobre las diferentes religiones, culturas y tradiciones filosóficas, su proyecto para una ética mundial es un compendio de normas sencillas, compartidas por todos los individuos y pueblos del mundo: Regla de la humanidad: todo ser humano debe recibir un trato humano. Regla de oro: haz a los demás lo que quieras que te hagan a ti. No matarás. No robarás. No mentirás. No harás mal uso de tu sexualidad. La presente obra esclarece la realidad mundial a la luz de este "abecedario ético". Sus páginas, basadas en los planteamientos de Kung. Son un atractivo testimonio de la actualidad, pero también una guía de la actualidad, pero también una guía de convivencia y una herramienta de actualización para los contenidos de responsabilidad social empresarial. Con este manual, la Dirección de Responsabilidad Social de El Tiempo, la Fundación Ética Mundial y una alianza de grandes empresas buscan propiciar un cambio de mentalidad individual y colectiva en aras de una sociedad más justa y pacífica.
650 1 4 _aÉtica mundial
_936035
650 2 4 _aÉtica social
_913808
650 2 4 _aReligión y ética
_936036
650 2 4 _aDerechos humanos
_936037
650 2 4 _aEconomía y ética
_936038
650 2 4 _aEducación y ética
_936039
650 2 4 _aComunicación y ética
_936040
650 2 4 _aEcología (Etica)
_936041
710 2 _aFundación Ética Mundial
_936034
942 _2ddc
_cBK
999 _c15362
_d15362